[Event "Marianske Lazne op 14th"]
[Site "Marianske Lazne"]
[Date "2015.01.20"]
[Round "5"]
[White "Polak, Jiri"]
[Black "Kolovratnik, Milos"]
[Result "0-1"]
[WhiteElo "1893"]
[BlackElo "2087"]
[PlyCount "42"]
[EventDate "2015.01.17"]
[EventType "swiss"]
[EventRounds "9"]
[EventCountry "CZE"]
[SourceTitle "CBM 164 Extra"]
[Source "ChessBase"]
[SourceDate "2015.03.02"]
[SourceVersion "1"]
[SourceVersionDate "2015.03.02"]
[SourceQuality "1"]

1. e4 c5 2. Nf3 a6 3. c3 d5 4. exd5 Qxd5 5. d4 Nf6 6. Bd3 Bg4 7. Be3 e6 8. Nbd2 Nbd7 9. 0-0 Be7 10. Qc2 0-0 11. Rfe1 cxd4 12. Bxd4 Bh5 13. Ne5 Bg6 14. Nxg6 hxg6 15. Re3 e5 16. Rg3 exd4 17. Bc4 Qf5 18. Bd3 Qc5 19. Bc4 d3 20. Bxd3 Ne5 21. b4 Qc7 0-1

[Event "Ricany op-A"]
[Site "Ricany"]
[Date "2014.08.24"]
[Round "3"]
[White "Polak, Jiri"]
[Black "Postupa, Pavel1111"]
[Result "0-1"]
[WhiteElo "1765"]
[BlackElo "1981"]
[PlyCount "69"]
[EventDate "2014.08.23"]
[EventType "swiss"]
[EventRounds "9"]
[EventCountry "CZE"]
[SourceTitle "EXT 2015"]
[Source "ChessBase"]
[SourceDate "2014.11.20"]
[SourceVersion "1"]
[SourceVersionDate "2014.11.20"]
[SourceQuality "1"]

1. e4 c5 2. Nf3 e6 3. d4 cxd4 4. Nxd4 Nf6 5. Nc3 Nc6 6. Ndb5 d6 7. Bf4 e5 8. Bg5 a6 9. Bxf6 gxf6 10. Na3 Be6 11. Nd5 f5 12. Nc4 b5 13. Ncb6 Rb8 14. exf5 Bxf5 15. Ne3 Be6 16. Nbd5 Bg7 17. g3 Qa5+ 18. c3 b4 19. Bg2 bxc3 20. Nxc3 Nd4 21. 0-0 Rxb2 22. Rc1 0-0 23. Ncd5 Ne2+ 24. Kh1 Nxc1 25. Qxc1 Qxa2 26. Ne7+ Kh8 27. N3f5 f6 28. Kg1 Rc2 29. Qd1 Rd2 30. Qh5 Bxf5 31. Qxf5 Rd4 32. Rb1 Qf7 33. Nc6 Ra4 34. Be4 Rxe4 35. Qxe4 0-1